000 00780nam a2200253Ia 4500
003 OSt
005 20220925231629.0
006 a|||||r|||| 00| 0
007 ta
008 220923b |||||||| |||| 00| 0 eng d
020 _a0719009014
037 _cGeneral Book
040 _aRTL
_cRTL
_beng
041 _2eng
_aeng
082 _aX.3.N45<--N18s, M3
100 _aCapie Forrest
_9126978
245 0 _aInter-War British economy
_b The statistical abstrct
260 _aManchester
_bManchester University Press
_c1983
300 _a118p.
_ccm.
650 _aEconomic Conditions Great Britain
_9232317
700 _a Collins Michael
_930418
942 _hX.3.N45<--N18s, M3
_cGB
_2CC
999 _c589004
_d589004